000 00425cam a22001337a 4500
008 180718b1989 xxu||||| |||| 00| 0 eng d
082 _aT39 Er99
100 _aBrzan, Refik
245 _aWould general trade liberalization in developing countries expand South-South trade?
_cby Refik Erzan
260 _aWashington, D.C.
_bIBRD
_c1989
300 _av.p.
440 _aIBRD. Working Papers: WPS 319
650 _aForeign Commerce
999 _c227089
_d227089